000 00500nam a2200169 i 4500
001 55175
003 ES-MaACL
005 20230906163108.0
007 t|
008 030915s1973 sp ||||1| spa d
100 1 _aDelorme, Jean.
_943570
245 1 0 _aDe los Evangelios a Jesús /
_cJean Delorme ; [versión por José Miguel Yurrita].
260 _aBilbao :
_bMensajero,
_c[1973]
300 _a166 p. ;
_c19 cm.
700 1 _aYurrita, José Miguel.
_9117750
852 _aES-MaACL
_jC-53027
_bR.85514
999 _c55175
_d55175